| 000 | 00697cab a2200181 4500 | ||
|---|---|---|---|
| 001 | ##L132592 | ||
| 008 | 060221n2006 000 0 eng u | ||
| 035 | _a(Sirsi) u132592 | ||
| 041 | 0 | _aeng | |
| 100 | 1 | _aLawson, David | |
| 245 | 0 | 0 |
_aBack to basics _btechnology and software |
| 260 | _c2006 | ||
| 490 | 0 |
_aProperty Week _v71(7) 17 February 2006, 119(1) |
|
| 520 | _aAccording to reported figures, 78% of homebuyers go online to find a prospective property. Media giants have leapt on the property website boom in order to capitalise from its potential as an advertising medium. | ||
| 590 | _aIKA280206 | ||
| 690 | _aPROPERTY-RESIDENTIAL PROPERTY-RESIDENTIAL PROPERTY MARKET | ||
| 942 | _n0 | ||
| 999 |
_c76515 _d76515 |
||